000 00300 a2200133 4500
001 153987
040 _cEscola São Tomás de Aquino
100 _aRENNÓ, Regina
240 1 0 _aDoce água doce
_lpor
245 1 0 _aDoce água doce
362 0 _a2008
697 _a*LITERATURA INFANTIL
942 _cBK
999 _c153987
_d153987